000 00347nam a22001577a 4500
003 SGT
020 _a978-0-7020-4945-3
082 _a617, P13G
100 _aGARDEN, O. JAMES
245 _aPRINCIPLES & PRACTICE OF SURGERY
250 _a6TH
260 _aEDINBURGH
_bELSEVIER
_c2013
300 _a569
650 _aSURGERY
942 _2ddc
_cBK
_01
999 _c9035
_d9035